MARC

LEADER 00000nam0a2200000 4500
001 47708
005 20231031030412.0
010 |a 5247001508 
035 |a (RuTPU)RU\TPU\book\49833 
090 |a 47708 
100 |a 20030220d1989 k y0rusy50 ca 
101 1 |a rus  |c pol 
102 |a RU 
105 |a a e 001zy 
200 1 |a Петрографический словарь  |e пер. с пол.  |f В. Рыка, А. Малишевская 
210 |a Москва  |c Недра  |d 1989 
215 |a 589 с.  |c ил. 
320 |a Библиогр.: с. 574-589 
610 1 |a геология 
610 1 |a петрография 
610 1 |a магматические породы 
610 1 |a осадочные породы 
610 1 |a метаморфические породы 
610 1 |a горные породы 
610 1 |a словари 
675 |a 552(038)  |v 3 
700 1 |a Рыка  |b В.  |g Вацлав 
701 1 |a Малишевская  |b А.  |g Анна 
801 1 |a RU  |b 63413507  |c 20030220  |g PSBO 
801 2 |a RU  |b 63413507  |c 20141031  |g PSBO 
942 |c BK